| 000 | 00446nam a2200133Ia 4500 | ||
|---|---|---|---|
| 008 | 230907s9999||||xx |||||||||||||| ||und|| | ||
| 082 |
_a347.5109 _bWAN |
||
| 100 |
_aWang, Guiguo; Lee, Yuk Lun and Leung, Priscilla Mei-fun _9116252 |
||
| 245 | 0 | _aDispute Resolution Mechanism for the Belt and Road Initiative / | |
| 260 |
_aZhejiang University Press; Springer, _bSingapore : _c2020 |
||
| 300 | _a240 p. | ||
| 650 | _aChinese Studies | ||
| 942 | _cBK | ||
| 999 |
_c601671 _d601671 |
||